A munkaerőhiány kihívásai a magyar szállodaiparban a COVID-19 után
| Main Author: | |
|---|---|
| Other Authors: | |
| Format: | Thesis |
| Kulcsszavak: | Budapest humán erőforrás menedzsment koronavírus-járvány (COVID-19) szállodaipar turizmus |
| Online Access: | http://dolgozattar.uni-bge.hu/59821 |
MARC
| LEADER | 00000nta a2200000 i 4500 | ||
|---|---|---|---|
| 001 | dolg59821 | ||
| 005 | 20260409145615.0 | ||
| 008 | 260409suuuu hu om 000 hun d | ||
| 040 | |a BGE Dolgozattár Repozitórium |b hun | ||
| 041 | |a hu | ||
| 100 | 1 | |a Kertész Dzsenifer Natália | |
| 245 | 1 | 2 | |a A munkaerőhiány kihívásai a magyar szállodaiparban a COVID-19 után |c Kertész Dzsenifer Natália |h [elektronikus dokumentum] |
| 520 | 3 | |a A szakdolgozat a magyar szállodaipar munkaerőhiányának kérdéskörét vizsgálja a COVID–19 járványt követő időszakban. A dolgozat célja, hogy feltárja a munkaerőhiány kiváltó okait, elemezze a szállodák által alkalmazott toborzási és megtartási stratégiákat, valamint megvizsgálja a humánerőforrás problémák hatását a szolgáltatások minőségére és a vendégelégedettségre. A kutatás vegyes módszertanra épül: a szekunder elemzés mellett primer, félig strukturált mélyinterjúkat is tartalmaz, amelyek HR-szakemberek és szállodavezetők tapasztalataira támaszkodnak. A dolgozat külön figyelmet szentel a generációs különbségeknek, a digitalizáció szerepének és a nemzetközi jó gyakorlatok hazai adaptációs lehetőségeinek. A kutatás eredményeként gyakorlati javaslatok születtek, amelyek hozzájárulhatnak a szektor fenntartható működéséhez és a munkáltatói stratégiák korszerűsítéséhez. | |
| 695 | |a Budapest | ||
| 695 | |a humán erőforrás menedzsment | ||
| 695 | |a koronavírus-járvány (COVID-19) | ||
| 695 | |a szállodaipar | ||
| 695 | |a turizmus | ||
| 700 | 1 | |a Csabáné Budea Ildikó Mária |e ths | |
| 856 | 4 | 0 | |u http://dolgozattar.uni-bge.hu/59821/1/A%20munkaer%C5%91hi%C3%A1ny%20kih%C3%ADv%C3%A1sai%20a%20magyar%20sz%C3%A1llodaiparban%20a%20COVID-19%20ut%C3%A1n.pdf |z Dokumentum-elérés |
| 856 | 4 | 0 | |u http://dolgozattar.uni-bge.hu/59821/2/Interjukivonatok_KerteszDzsenifer.pdf |z Dokumentum-elérés |
| 856 | 4 | 0 | |u http://dolgozattar.uni-bge.hu/59821/3/Kert%C3%A9sz_Dzsenifer_Nat%C3%A1lia_opponens_Borsos%20Eva.pdf |z Dokumentum-elérés |
| 856 | 4 | 0 | |u http://dolgozattar.uni-bge.hu/59821/4/B%C3%ADr%C3%A1lati%20lap_Kert%C3%A9sz%20Dzsenifer-Csab%C3%A1n%C3%A9%20Budea_2025.pdf |z Dokumentum-elérés |